| 000 | 00496nam a22001817a 4500 | ||
|---|---|---|---|
| 003 | OSt | ||
| 005 | 20140310181846.0 | ||
| 008 | 130709t xxu||||| |||| 00| 0 eng d | ||
| 020 | _a998085118X | ||
| 050 |
_aDU 740 _b.D476 1995 |
||
| 082 |
_aREF 995.305 _bD45 1995 |
||
| 245 | _aDestination Papua New Guinea / | ||
| 260 |
_aPapua New Guinea : _bDestination Papua new Guinea, _c1995 |
||
| 300 |
_a360 p. : _bill. col. ; _c31 cm. |
||
| 541 | _j1 | ||
| 562 | _e1 | ||
| 942 |
_2lcc _cBK-GR _kREF |
||
| 999 |
_c5219 _d5219 |
||